LEADER 01479nam a2200277 i 4500 001 000000156038 003 CaOOAMICUS 005 20061220000000.0 008 061220s2005 it u000 u ita u 013 $a133392 040 $aSeMil$bita 100 1 $aBordin Giorgio.$0(OLS)http://semarc/name/61000 245 10$aCurare e guarire :$bocchio artistico e occhio clinico : la malattia e la cura nell'arte pittorica occidentale /$cGiorgio Bordin, Laura Polo D'Ambrosio ; Hanno collaborato alla stesura dei testi ed alla ricerca iconografica : Francesca Bianchi ... [et al.]. 260 $aMorbegno :$bMorales,$cCopyr. 2005. 260 $aMilano :$bMedicina e Persona,$cCopyr. 2005. 300 $a311 p. :$briccamente ill. ;$c23x23 cm. 500 $aPubblicazione in occasione della mostra tenuta a Rimini del 2005. - Dono del Card. Dionigi Tettamanzi. 700 1 $aBianchi, Francesca.$0(OLS)http://semarc/name/61002 700 1 $aPolo D'Ambrosio, Laura.$0(OLS)http://semarc/name/61001 850 $aSeMil 852 $aSeMil$W1$xVenegono$y1$m5U VI 63$j107840$B107840$CSeMilBibl$Z2$F118966 $81 941 1 $a5 961 $aOmaggio: Tettamanzi Card. Dionigi 996 $6245$aCurare e guarire :$bocchio artistico e occhio clinico : la malattia e la cura nell'arte pittorica occidentale$9(OLS)http://semarc/title/228644 996 $6260$aMilano :$bMedicina e Persona$9(OLS)http://semarc/publisher/48296 996 $6260$aMorbegno :$bMorales$9(OLS)http://semarc/publisher/48297 LEADER 01152nam a2200277 i 4500 001 000000114791 003 CaOOAMICUS 005 20030420000000.0 008 030420s1997 gw u000 u ger u 013 $a87479 020 $a3-429-01938-9 040 $aSeMil$bita 245 10$aBekenntnis und Zeitgeist :$bdas christliche Glaubensbekenntnis neu befragt /$cKlaus Hofmeister, Lothar Bauerochse (Hg.) 260 $aWürzburg :$bEchter,$c1997. 300 $a198 p. ;$c21 cm. 500 $aFondo Card. C.M. Martini. 650 4$aFede - Conoscenza.$0(OLS)http://semarc/subject/17605 700 1 $aBauerochse, Lothar.$0(OLS)http://semarc/name/47977 700 1 $aHofmeister, Klaus.$0(OLS)http://semarc/name/47976 850 $aSeMil 852 $aSeMil$W1$xVenegono$y1$m2D II 35$j70334$B70334$CSeMilBibl$Z2$F89488 $81 941 1 $a4 961 $aOmaggio: Martini Card. Carlo Maria 996 $6020$a3-429-01938-9$9(OLS)http://semarc/number/98257 996 $6245$aBekenntnis und Zeitgeist :$bdas christliche Glaubensbekenntnis neu befragt$9(OLS)http://semarc/title/167883 996 $6260$aWürzburg :$bEchter$9(OLS)http://semarc/publisher/29704